000 00398nam a2200121Ia 4500
008 220216s9999 xx 000 0 und d
100 _aVarghese S
245 0 _aSwelling behaviour of short sisal fibre reinforced natural rubber composites
260 _bProceedings of the sixth Kerala Science Congress, 1994, Trivandrum, pp. 432
_c1994
700 _aKuriakose B
700 _aThomas S
942 _cJS
999 _c70098
_d70098